Random Roman Numeral to Number - Statistics

General Stats
  • This quiz has been taken 187 times
  • The average score is 9 of 9
Answer Stats
Numeral Number % Correct
I 1
100%
C 100
100%
M 1000
100%
CI 101
100%
CII 102
100%
CIV 104
100%
CVII 107
100%
CVIII 108
100%
CIX 109
100%
CX 110
100%
CXII 112
100%
CXIII 113
100%
CXIV 114
100%
CXVIII 118
100%
CXIX 119
100%
CXX 120
100%
CXXI 121
100%
CXXII 122
100%
CXXIII 123
100%
CXXV 125
100%
CXXVI 126
100%
CXXIX 129
100%
CXXX 130
100%
CXXXI 131
100%
CXXXIII 133
100%
CXXXV 135
100%
CXXXVII 137
100%
CXLIII 143
100%
CXLIV 144
100%
CXLV 145
100%
CXLVIII 148
100%
XV 15
100%
CLV 155
100%
CLVI 156
100%
CLVII 157
100%
CLVIII 158
100%
CLXI 161
100%
CLXII 162
100%
CLXV 165
100%
CLXVIII 168
100%
CLXIX 169
100%
CLXX 170
100%
CLXXII 172
100%
CLXXVI 176
100%
CLXXVII 177
100%
CLXXVIII 178
100%
CLXXIX 179
100%
CLXXX 180
100%
CLXXXI 181
100%
CLXXXII 182
100%
CLXXXIV 184
100%
CLXXXV 185
100%
CLXXXVI 186
100%
CLXXXVII 187
100%
CLXXXIX 189
100%
CXC 190
100%
CXCI 191
100%
CXCIII 193
100%
CXCVI 196
100%
CXCVIII 198
100%
CXCIX 199
100%
XX 20
100%
CCII 202
100%
CCIII 203
100%
CCVII 207
100%
XXI 21
100%
CCXI 211
100%
CCXIV 214
100%
CCXV 215
100%
XXII 22
100%
CCXXI 221
100%
CCXXII 222
100%
CCXXIII 223
100%
CCXXIV 224
100%
CCXXVI 226
100%
CCXXVII 227
100%
CCXXIX 229
100%
CCXXXV 235
100%
CCXXXVI 236
100%
CCXXXVII 237
100%
CCXXXIX 239
100%
CCXLI 241
100%
CCXLII 242
100%
CCXLIII 243
100%
CCXLIV 244
100%
CCXLVII 247
100%
CCXLVIII 248
100%
XXV 25
100%
CCLI 251
100%
CCLIV 254
100%
CCLVI 256
100%
CCLVIII 258
100%
CCLIX 259
100%
CCLXI 261
100%
CCLXIII 263
100%
CCLXIV 264
100%
CCLXV 265
100%
CCLXVI 266
100%
CCLXIX 269
100%
XXVII 27
100%
CCLXX 270
100%
CCLXXII 272
100%
CCLXXIII 273
100%
CCLXXV 275
100%
CCLXXVII 277
100%
CCLXXVIII 278
100%
CCLXXXIII 283
100%
CCLXXXV 285
100%
CCLXXXVII 287
100%
CCLXXXIX 289
100%
XXIX 29
100%
CCXC 290
100%
CCXCII 292
100%
CCXCIII 293
100%
CCXCIV 294
100%
CCXCV 295
100%
CCXCVI 296
100%
CCXCVII 297
100%
CCXCIX 299
100%
III 3
100%
XXX 30
100%
CCCI 301
100%
CCCV 305
100%
CCCVI 306
100%
CCCVIII 308
100%
CCCIX 309
100%
CCCXIII 313
100%
CCCXIV 314
100%
CCCXVI 316
100%
CCCXVII 317
100%
CCCXVIII 318
100%
CCCXIX 319
100%
XXXII 32
100%
CCCXXIII 323
100%
CCCXXIV 324
100%
CCCXXVI 326
100%
CCCXXVII 327
100%
CCCXXIX 329
100%
CCCXXXI 331
100%
CCCXXXIV 334
100%
CCCXXXV 335
100%
CCCXXXVII 337
100%
CCCXL 340
100%
CCCXLV 345
100%
CCCXLVII 347
100%
CCCLII 352
100%
CCCLIII 353
100%
CCCLIV 354
100%
CCCLX 360
100%
CCCLXI 361
100%
CCCLXII 362
100%
CCCLXIV 364
100%
CCCLXV 365
100%
CCCLXVI 366
100%
CCCLXVII 367
100%
CCCLXX 370
100%
CCCLXXI 371
100%
CCCLXXII 372
100%
CCCLXXIII 373
100%
CCCLXXIV 374
100%
CCCLXXV 375
100%
CCCLXXVI 376
100%
CCCLXXVII 377
100%
CCCLXXXII 382
100%
CCCLXXXIII 383
100%
CCCLXXXVII 387
100%
CCCLXXXVIII 388
100%
CCCLXXXIX 389
100%
XXXIX 39
100%
CCCXC 390
100%
CCCXCI 391
100%
CCCXCIV 394
100%
CCCXCV 395
100%
CCCXCVI 396
100%
CCCXCVII 397
100%
CCCXCVIII 398
100%
CD 400
100%
CDIII 403
100%
CDV 405
100%
CDVI 406
100%
CDVII 407
100%
CDVIII 408
100%
CDIX 409
100%
XLI 41
100%
CDX 410
100%
CDXI 411
100%
CDXIV 414
100%
CDXV 415
100%
CDXVI 416
100%
CDXVII 417
100%
CDXVIII 418
100%
CDXIX 419
100%
CDXX 420
100%
CDXXI 421
100%
CDXXIII 423
100%
CDXXV 425
100%
CDXXVI 426
100%
CDXXVIII 428
100%
CDXXIX 429
100%
CDXXX 430
100%
CDXXXI 431
100%
CDXXXIV 434
100%
CDXXXVIII 438
100%
XLIV 44
100%
CDXL 440
100%
CDXLI 441
100%
CDXLIV 444
100%
CDXLVI 446
100%
CDLII 452
100%
CDLIV 454
100%
CDLV 455
100%
CDLIX 459
100%
XLVI 46
100%
CDLX 460
100%
CDLXI 461
100%
CDLXII 462
100%
CDLXIII 463
100%
CDLXIV 464
100%
CDLXX 470
100%
CDLXXIII 473
100%
CDLXXIV 474
100%
CDLXXVI 476
100%
CDLXXVIII 478
100%
CDLXXXV 485
100%
CDLXXXVII 487
100%
CDLXXXVIII 488
100%
CDLXXXIX 489
100%
CDXCII 492
100%
CDXCIII 493
100%
CDXCVI 496
100%
CDXCVII 497
100%
CDXCVIII 498
100%
L 50
100%
D 500
100%
DII 502
100%
DIV 504
100%
DV 505
100%
DVI 506
100%
DVII 507
100%
LI 51
100%
DXI 511
100%
DXII 512
100%
DXIII 513
100%
DXV 515
100%
DXVII 517
100%
DXVIII 518
100%
LII 52
100%
DXX 520
100%
DXXIII 523
100%
DXXIV 524
100%
DXXVII 527
100%
DXXVIII 528
100%
DXXIX 529
100%
LIII 53
100%
DXXX 530
100%
DXXXI 531
100%
DXXXIV 534
100%
DXXXVII 537
100%
DXXXIX 539
100%
LIV 54
100%
DXLIII 543
100%
DXLVI 546
100%
DXLVII 547
100%
DXLVIII 548
100%
DL 550
100%
DLI 551
100%
DLII 552
100%
DLV 555
100%
DLVI 556
100%
DLVII 557
100%
DLIX 559
100%
DLXII 562
100%
DLXIII 563
100%
DLXVII 567
100%
DLXVIII 568
100%
DLXIX 569
100%
LVII 57
100%
DLXXI 571
100%
DLXXII 572
100%
DLXXIII 573
100%
DLXXVI 576
100%
DLXXX 580
100%
DLXXXI 581
100%
DLXXXIII 583
100%
DLXXXVI 586
100%
DLXXXVII 587
100%
DLXXXVIII 588
100%
DLXXXIX 589
100%
LIX 59
100%
DXC 590
100%
DXCI 591
100%
DXCIV 594
100%
DXCV 595
100%
DXCVI 596
100%
DXCVIII 598
100%
DXCIX 599
100%
VI 6
100%
LX 60
100%
DC 600
100%
DCI 601
100%
DCIV 604
100%
DCIX 609
100%
DCX 610
100%
DCXI 611
100%
DCXIII 613
100%
DCXV 615
100%
DCXVII 617
100%
DCXVIII 618
100%
DCXXI 621
100%
DCXXII 622
100%
DCXXIV 624
100%
DCXXVI 626
100%
DCXXVII 627
100%
DCXXVIII 628
100%
DCXXIX 629
100%
DCXXXI 631
100%
DCXXXII 632
100%
DCXXXIII 633
100%
DCXXXVII 637
100%
DCXXXIX 639
100%
DCXLI 641
100%
DCXLII 642
100%
DCXLIII 643
100%
DCXLIV 644
100%
DCXLV 645
100%
DCXLVI 646
100%
LXV 65
100%
DCL 650
100%
DCLI 651
100%
DCLIII 653
100%
DCLIV 654
100%
DCLV 655
100%
DCLVII 657
100%
LXVI 66
100%
DCLXI 661
100%
DCLXII 662
100%
DCLXIV 664
100%
DCLXV 665
100%
DCLXVI 666
100%
DCLXVII 667
100%
DCLXVIII 668
100%
DCLXX 670
100%
DCLXXI 671
100%
DCLXXIV 674
100%
DCLXXVI 676
100%
DCLXXIX 679
100%
LXVIII 68
100%
DCLXXX 680
100%
DCLXXXII 682
100%
DCLXXXV 685
100%
DCLXXXVI 686
100%
DCLXXXVII 687
100%
LXIX 69
100%
DCXC 690
100%
DCXCI 691
100%
DCXCII 692
100%
DCXCIII 693
100%
DCXCIV 694
100%
DCXCV 695
100%
DCXCVI 696
100%
DCXCVIII 698
100%
DCXCIX 699
100%
VII 7
100%
LXX 70
100%
DCC 700
100%
DCCIV 704
100%
DCCVI 706
100%
DCCVII 707
100%
DCCVIII 708
100%
LXXI 71
100%
DCCXIII 713
100%
DCCXIV 714
100%
DCCXV 715
100%
DCCXVII 717
100%
DCCXVIII 718
100%
DCCXIX 719
100%
DCCXXI 721
100%
DCCXXIII 723
100%
DCCXXIV 724
100%
DCCXXV 725
100%
DCCXXVI 726
100%
DCCXXVIII 728
100%
DCCXXIX 729
100%
LXXIII 73
100%
DCCXXXI 731
100%
DCCXXXII 732
100%
DCCXXXIV 734
100%
DCCXXXVI 736
100%
DCCXXXVII 737
100%
DCCXXXVIII 738
100%
LXXIV 74
100%
DCCXLI 741
100%
DCCXLII 742
100%
DCCXLIII 743
100%
DCCXLIV 744
100%
DCCXLV 745
100%
DCCXLVII 747
100%
DCCXLVIII 748
100%
LXXV 75
100%
DCCLIII 753
100%
DCCLIV 754
100%
DCCLV 755
100%
DCCLVI 756
100%
DCCLXIV 764
100%
DCCLXV 765
100%
DCCLXVIII 768
100%
DCCLXIX 769
100%
LXXVII 77
100%
DCCLXXI 771
100%
DCCLXXII 772
100%
DCCLXXIV 774
100%
DCCLXXV 775
100%
DCCLXXVII 777
100%
LXXVIII 78
100%
DCCLXXX 780
100%
DCCLXXXI 781
100%
DCCLXXXIII 783
100%
DCCLXXXIV 784
100%
DCCLXXXIX 789
100%
DCCXC 790
100%
DCCXCI 791
100%
DCCXCII 792
100%
DCCXCVI 796
100%
DCCXCVII 797
100%
DCCXCVIII 798
100%
VIII 8
100%
DCCCI 801
100%
DCCCII 802
100%
DCCCIII 803
100%
DCCCIV 804
100%
DCCCV 805
100%
DCCCVI 806
100%
DCCCVIII 808
100%
LXXXI 81
100%
DCCCX 810
100%
DCCCXV 815
100%
DCCCXVIII 818
100%
DCCCXIX 819
100%
LXXXII 82
100%
DCCCXX 820
100%
DCCCXXI 821
100%
DCCCXXII 822
100%
DCCCXXIII 823
100%
DCCCXXIV 824
100%
DCCCXXVI 826
100%
DCCCXXVII 827
100%
DCCCXXVIII 828
100%
DCCCXXIX 829
100%
DCCCXXX 830
100%
DCCCXXXI 831
100%
DCCCXXXII 832
100%
DCCCXXXIV 834
100%
DCCCXXXVI 836
100%
DCCCXXXIX 839
100%
LXXXIV 84
100%
DCCCXLIII 843
100%
DCCCXLIV 844
100%
DCCCXLV 845
100%
DCCCXLVIII 848
100%
DCCCXLIX 849
100%
DCCCL 850
100%
DCCCLI 851
100%
DCCCLII 852
100%
DCCCLIII 853
100%
DCCCLV 855
100%
DCCCLVI 856
100%
LXXXVI 86
100%
DCCCLX 860
100%
DCCCLXIII 863
100%
DCCCLXV 865
100%
DCCCLXIX 869
100%
LXXXVII 87
100%
DCCCLXXII 872
100%
DCCCLXXIII 873
100%
DCCCLXXVII 877
100%
DCCCLXXX 880
100%
DCCCLXXXII 882
100%
DCCCLXXXIII 883
100%
DCCCLXXXIV 884
100%
DCCCLXXXV 885
100%
DCCCLXXXVII 887
100%
LXXXIX 89
100%
DCCCXCI 891
100%
DCCCXCII 892
100%
DCCCXCIV 894
100%
DCCCXCVI 896
100%
DCCCXCVII 897
100%
DCCCXCVIII 898
100%
IX 9
100%
CMII 902
100%
CMIII 903
100%
CMIV 904
100%
CMV 905
100%
CMVI 906
100%
CMVII 907
100%
CMIX 909
100%
XCI 91
100%
CMX 910
100%
CMXI 911
100%
CMXII 912
100%
CMXV 915
100%
CMXIX 919
100%
XCII 92
100%
CMXXIII 923
100%
CMXXV 925
100%
CMXXIX 929
100%
XCIII 93
100%
CMXXX 930
100%
CMXXXI 931
100%
CMXXXII 932
100%
CMXXXV 935
100%
CMXXXVI 936
100%
CMXXXVII 937
100%
CMXXXIX 939
100%
XCIV 94
100%
CMXL 940
100%
CMXLII 942
100%
CMXLIV 944
100%
CMXLV 945
100%
CMXLVI 946
100%
CMXLVIII 948
100%
XCV 95
100%
CMLIV 954
100%
CMLV 955
100%
CMLVII 957
100%
CMLVIII 958
100%
CMLIX 959
100%
XCVI 96
100%
CMLX 960
100%
CMLXI 961
100%
CMLXIII 963
100%
CMLXV 965
100%
CMLXVI 966
100%
CMLXIX 969
100%
XCVII 97
100%
CMLXX 970
100%
CMLXXI 971
100%
CMLXXIII 973
100%
CMLXXV 975
100%
CMLXXVI 976
100%
CMLXXIX 979
100%
XCVIII 98
100%
CMLXXX 980
100%
CMLXXXIII 983
100%
CMLXXXIV 984
100%
CMLXXXVI 986
100%
CMLXXXVII 987
100%
CMLXXXVIII 988
100%
CMLXXXIX 989
100%
XCIX 99
100%
CMXC 990
100%
CMXCI 991
100%
CMXCIV 994
100%
CMXCV 995
100%
CMXCVIII 998
100%
CCVI 206
75%
CDXIII 413
75%
CMXVIII 918
75%
CCXLVI 246
67%
CCCLV 355
67%
XXXVII 37
67%
DCXL 640
67%
DCLXIX 669
67%
DCCLXIII 763
67%
DCCLXXIX 779
67%
DCCCLVII 857
67%
CMLVI 956
67%
CMLXII 962
67%
CXLI 141
50%
CLXVI 166
50%
CLXXXIII 183
50%
CCI 201
50%
CCCXLVI 346
50%
CDXXXII 432
50%
CDXXXVI 436
50%
DCXXXIV 634
50%
DCCLXVII 767
50%
X 10
0%
CIII 103
0%
CV 105
0%
CVI 106
0%
XI 11
0%
CXI 111
0%
CXV 115
0%
CXVI 116
0%
CXVII 117
0%
XII 12
0%
CXXIV 124
0%
CXXVII 127
0%
CXXVIII 128
0%
XIII 13
0%
CXXXII 132
0%
CXXXIV 134
0%
CXXXVI 136
0%
CXXXVIII 138
0%
CXXXIX 139
0%
XIV 14
0%
CXL 140
0%
CXLII 142
0%
CXLVI 146
0%
CXLVII 147
0%
CXLIX 149
0%
CL 150
0%
CLI 151
0%
CLII 152
0%
CLIII 153
0%
CLIV 154
0%
CLIX 159
0%
XVI 16
0%
CLX 160
0%
CLXIII 163
0%
CLXIV 164
0%
CLXVII 167
0%
XVII 17
0%
CLXXI 171
0%
CLXXIII 173
0%
CLXXIV 174
0%
CLXXV 175
0%
XVIII 18
0%
CLXXXVIII 188
0%
XIX 19
0%
CXCII 192
0%
CXCIV 194
0%
CXCV 195
0%
CXCVII 197
0%
II 2
0%
CC 200
0%
CCIV 204
0%
CCV 205
0%
CCVIII 208
0%
CCIX 209
0%
CCX 210
0%
CCXII 212
0%
CCXIII 213
0%
CCXVI 216
0%
CCXVII 217
0%
CCXVIII 218
0%
CCXIX 219
0%
CCXX 220
0%
CCXXV 225
0%
CCXXVIII 228
0%
XXIII 23
0%
CCXXX 230
0%
CCXXXI 231
0%
CCXXXII 232
0%
CCXXXIII 233
0%
CCXXXIV 234
0%
CCXXXVIII 238
0%
XXIV 24
0%
CCXL 240
0%
CCXLV 245
0%
CCXLIX 249
0%
CCL 250
0%
CCLII 252
0%
CCLIII 253
0%
CCLV 255
0%
CCLVII 257
0%
XXVI 26
0%
CCLX 260
0%
CCLXII 262
0%
CCLXVII 267
0%
CCLXVIII 268
0%
CCLXXI 271
0%
CCLXXIV 274
0%
CCLXXVI 276
0%
CCLXXIX 279
0%
XXVIII 28
0%
CCLXXX 280
0%
CCLXXXI 281
0%
CCLXXXII 282
0%
CCLXXXIV 284
0%
CCLXXXVI 286
0%
CCLXXXVIII 288
0%
CCXCI 291
0%
CCXCVIII 298
0%
CCC 300
0%
CCCII 302
0%
CCCIII 303
0%
CCCIV 304
0%
CCCVII 307
0%
XXXI 31
0%
CCCX 310
0%
CCCXI 311
0%
CCCXII 312
0%
CCCXV 315
0%
CCCXX 320
0%
CCCXXI 321
0%
CCCXXII 322
0%
CCCXXV 325
0%
CCCXXVIII 328
0%
XXXIII 33
0%
CCCXXX 330
0%
CCCXXXII 332
0%
CCCXXXIII 333
0%
CCCXXXVI 336
0%
CCCXXXVIII 338
0%
CCCXXXIX 339
0%
XXXIV 34
0%
CCCXLI 341
0%
CCCXLII 342
0%
CCCXLIII 343
0%
CCCXLIV 344
0%
CCCXLVIII 348
0%
CCCXLIX 349
0%
XXXV 35
0%
CCCL 350
0%
CCCLI 351
0%
CCCLVI 356
0%
CCCLVII 357
0%
CCCLVIII 358
0%
CCCLIX 359
0%
XXXVI 36
0%
CCCLXIII 363
0%
CCCLXVIII 368
0%
CCCLXIX 369
0%
CCCLXXVIII 378
0%
CCCLXXIX 379
0%
XXXVIII 38
0%
CCCLXXX 380
0%
CCCLXXXI 381
0%
CCCLXXXIV 384
0%
CCCLXXXV 385
0%
CCCLXXXVI 386
0%
CCCXCII 392
0%
CCCXCIII 393
0%
CCCXCIX 399
0%
IV 4
0%
XL 40
0%
CDI 401
0%
CDII 402
0%
CDIV 404
0%
CDXII 412
0%
XLII 42
0%
CDXXII 422
0%
CDXXIV 424
0%
CDXXVII 427
0%
XLIII 43
0%
CDXXXIII 433
0%
CDXXXV 435
0%
CDXXXVII 437
0%
CDXXXIX 439
0%
CDXLII 442
0%
CDXLIII 443
0%
CDXLV 445
0%
CDXLVII 447
0%
CDXLVIII 448
0%
CDXLIX 449
0%
XLV 45
0%
CDL 450
0%
CDLI 451
0%
CDLIII 453
0%
CDLVI 456
0%
CDLVII 457
0%
CDLVIII 458
0%
CDLXV 465
0%
CDLXVI 466
0%
CDLXVII 467
0%
CDLXVIII 468
0%
CDLXIX 469
0%
XLVII 47
0%
CDLXXI 471
0%
CDLXXII 472
0%
CDLXXV 475
0%
CDLXXVII 477
0%
CDLXXIX 479
0%
XLVIII 48
0%
CDLXXX 480
0%
CDLXXXI 481
0%
CDLXXXII 482
0%
CDLXXXIII 483
0%
CDLXXXIV 484
0%
CDLXXXVI 486
0%
XLIX 49
0%
CDXC 490
0%
CDXCI 491
0%
CDXCIV 494
0%
CDXCV 495
0%
CDXCIX 499
0%
V 5
0%
DI 501
0%
DIII 503
0%
DVIII 508
0%
DIX 509
0%
DX 510
0%
DXIV 514
0%
DXVI 516
0%
DXIX 519
0%
DXXI 521
0%
DXXII 522
0%
DXXV 525
0%
DXXVI 526
0%
DXXXII 532
0%
DXXXIII 533
0%
DXXXV 535
0%
DXXXVI 536
0%
DXXXVIII 538
0%
DXL 540
0%
DXLI 541
0%
DXLII 542
0%
DXLIV 544
0%
DXLV 545
0%
DXLIX 549
0%
LV 55
0%
DLIII 553
0%
DLIV 554
0%
DLVIII 558
0%
LVI 56
0%
DLX 560
0%
DLXI 561
0%
DLXIV 564
0%
DLXV 565
0%
DLXVI 566
0%
DLXX 570
0%
DLXXIV 574
0%
DLXXV 575
0%
DLXXVII 577
0%
DLXXVIII 578
0%
DLXXIX 579
0%
LVIII 58
0%
DLXXXII 582
0%
DLXXXIV 584
0%
DLXXXV 585
0%
DXCII 592
0%
DXCIII 593
0%
DXCVII 597
0%
DCII 602
0%
DCIII 603
0%
DCV 605
0%
DCVI 606
0%
DCVII 607
0%
DCVIII 608
0%
LXI 61
0%
DCXII 612
0%
DCXIV 614
0%
DCXVI 616
0%
DCXIX 619
0%
LXII 62
0%
DCXX 620
0%
DCXXIII 623
0%
DCXXV 625
0%
LXIII 63
0%
DCXXX 630
0%
DCXXXV 635
0%
DCXXXVI 636
0%
DCXXXVIII 638
0%
LXIV 64
0%
DCXLVII 647
0%
DCXLVIII 648
0%
DCXLIX 649
0%
DCLII 652
0%
DCLVI 656
0%
DCLVIII 658
0%
DCLIX 659
0%
DCLX 660
0%
DCLXIII 663
0%
LXVII 67
0%
DCLXXII 672
0%
DCLXXIII 673
0%
DCLXXV 675
0%
DCLXXVII 677
0%
DCLXXVIII 678
0%
DCLXXXI 681
0%
DCLXXXIII 683
0%
DCLXXXIV 684
0%
DCLXXXVIII 688
0%
DCLXXXIX 689
0%
DCXCVII 697
0%
DCCI 701
0%
DCCII 702
0%
DCCIII 703
0%
DCCV 705
0%
DCCIX 709
0%
DCCX 710
0%
DCCXI 711
0%
DCCXII 712
0%
DCCXVI 716
0%
LXXII 72
0%
DCCXX 720
0%
DCCXXII 722
0%
DCCXXVII 727
0%
DCCXXX 730
0%
DCCXXXIII 733
0%
DCCXXXV 735
0%
DCCXXXIX 739
0%
DCCXL 740
0%
DCCXLVI 746
0%
DCCXLIX 749
0%
DCCL 750
0%
DCCLI 751
0%
DCCLII 752
0%
DCCLVII 757
0%
DCCLVIII 758
0%
DCCLIX 759
0%
LXXVI 76
0%
DCCLX 760
0%
DCCLXI 761
0%
DCCLXII 762
0%
DCCLXVI 766
0%
DCCLXX 770
0%
DCCLXXIII 773
0%
DCCLXXVI 776
0%
DCCLXXVIII 778
0%
DCCLXXXII 782
0%
DCCLXXXV 785
0%
DCCLXXXVI 786
0%
DCCLXXXVII 787
0%
DCCLXXXVIII 788
0%
LXXIX 79
0%
DCCXCIII 793
0%
DCCXCIV 794
0%
DCCXCV 795
0%
DCCXCIX 799
0%
LXXX 80
0%
DCCC 800
0%
DCCCVII 807
0%
DCCCIX 809
0%
DCCCXI 811
0%
DCCCXII 812
0%
DCCCXIII 813
0%
DCCCXIV 814
0%
DCCCXVI 816
0%
DCCCXVII 817
0%
DCCCXXV 825
0%
LXXXIII 83
0%
DCCCXXXIII 833
0%
DCCCXXXV 835
0%
DCCCXXXVII 837
0%
DCCCXXXVIII 838
0%
DCCCXL 840
0%
DCCCXLI 841
0%
DCCCXLII 842
0%
DCCCXLVI 846
0%
DCCCXLVII 847
0%
LXXXV 85
0%
DCCCLIV 854
0%
DCCCLVIII 858
0%
DCCCLIX 859
0%
DCCCLXI 861
0%
DCCCLXII 862
0%
DCCCLXIV 864
0%
DCCCLXVI 866
0%
DCCCLXVII 867
0%
DCCCLXVIII 868
0%
DCCCLXX 870
0%
DCCCLXXI 871
0%
DCCCLXXIV 874
0%
DCCCLXXV 875
0%
DCCCLXXVI 876
0%
DCCCLXXVIII 878
0%
DCCCLXXIX 879
0%
LXXXVIII 88
0%
DCCCLXXXI 881
0%
DCCCLXXXVI 886
0%
DCCCLXXXVIII 888
0%
DCCCLXXXIX 889
0%
DCCCXC 890
0%
DCCCXCIII 893
0%
DCCCXCV 895
0%
DCCCXCIX 899
0%
XC 90
0%
CM 900
0%
CMI 901
0%
CMVIII 908
0%
CMXIII 913
0%
CMXIV 914
0%
CMXVI 916
0%
CMXVII 917
0%
CMXX 920
0%
CMXXI 921
0%
CMXXII 922
0%
CMXXIV 924
0%
CMXXVI 926
0%
CMXXVII 927
0%
CMXXVIII 928
0%
CMXXXIII 933
0%
CMXXXIV 934
0%
CMXXXVIII 938
0%
CMXLI 941
0%
CMXLIII 943
0%
CMXLVII 947
0%
CMXLIX 949
0%
CML 950
0%
CMLI 951
0%
CMLII 952
0%
CMLIII 953
0%
CMLXIV 964
0%
CMLXVII 967
0%
CMLXVIII 968
0%
CMLXXII 972
0%
CMLXXIV 974
0%
CMLXXVII 977
0%
CMLXXVIII 978
0%
CMLXXXI 981
0%
CMLXXXII 982
0%
CMLXXXV 985
0%
CMXCII 992
0%
CMXCIII 993
0%
CMXCVI 996
0%
CMXCVII 997
0%
CMXCIX 999
0%
No matching quizzes found
Score Distribution
Percent of People with Each Score
Percentile by Number Answered
Your Score History
You have not taken this quiz